Statistics for Most Famous New Zealanders

Click here to take the quiz!

General Stats

  • This quiz has been taken 12 times
  • The average score is 4 of 10

Answer Stats

HintAnswer% Correct
First person to climb Mt EverestSir Edmund Hillary
100%
Prime MinisterJacinda Ardern
50%
Young singerLorde
50%
First person to split an atomErnest Rutherford
33%
NBA player for New Orleans PelicansSteven Adams
33%
One of NZ greatest rugby playersJonah Lomu
25%
Another great rugby player for NZRichie McCaw
25%
World famous film directorSir Peter Jackson
17%
Olympic Shot-PutterValerie Adams
17%
Enabled NZ to be the first country in the world to let women voteKate Sheppard
0%

Score Distribution

Percentile by Number Answered

Percent of People with Each Score

Your Score History

You have not taken this quiz